Obscure Animals By Picture - Statistics

General Stats
  • This quiz has been taken 56 times
  • The average score is 3 of 12
Answer Stats
Picture Answer % Correct
Indian Gharial
69%
Hoatzin
36%
Saiga Antelope
29%
Nutria
26%
Blue Dragon
24%
Assassin Bug
17%
Colugo
17%
Warty Frogfish
17%
Zebra Duiker
17%
Streaked Tenrec
14%
Olinguito
10%
Giant Fishing Spider
5%
No matching quizzes found
Score Distribution
Percent of People with Each Score
Percentile by Number Answered
Your Score History
You have not taken this quiz